Chao phraya delta of Thailand, Asian rice-land inventory: a descriptive atlas No.1

Wedi'i Gadw mewn:
Manylion Llyfryddiaeth
Prif Awdur: Yoshikazu Takaya
Fformat: Llyfr
Iaith:Undetermined
Cyhoeddwyd: Japan Kyoto University 1982
Pynciau:
Tagiau: Ychwanegu Tag
Dim Tagiau, Byddwch y cyntaf i dagio'r cofnod hwn!
Thư viện lưu trữ: Trung tâm Học liệu Trường Đại học Cần Thơ
LEADER 00576nam a2200181Ia 4500
001 CTU_38674
008 210402s9999 xx 000 0 und d
082 |a 633.188 
082 |b C397/No.1 
100 |a Yoshikazu Takaya 
245 0 |a Chao phraya delta of Thailand, Asian rice-land inventory: a descriptive atlas No.1 
245 0 |c Yoshikazu Takaya, Narong Thiramongkol 
260 |a Japan 
260 |b Kyoto University 
260 |c 1982 
650 |a rice,rice - soils - Asia - atlas 
904 |i Liên, 990811 
980 |a Trung tâm Học liệu Trường Đại học Cần Thơ